The making of vibrant cities : (Record no. 12123)

000 -LEADER
fixed length control field 00849cam a2200253 i 4500
003 - CONTROL NUMBER IDENTIFIER
control field OSt
005 - DATE AND TIME OF LATEST TRANSACTION
control field 20231117124922.0
008 - FIXED-LENGTH DATA ELEMENTS--GENERAL INFORMATION
fixed length control field 160604s2016 ii ab b 000 0 engod
020 ## - INTERNATIONAL STANDARD BOOK NUMBER
International Standard Book Number 9788129139641
040 ## - CATALOGING SOURCE
Original cataloging agency BMSCA
041 ## - LANGUAGE CODE
Language code of text/sound track or separate title eng
082 04 - DEWEY DECIMAL CLASSIFICATION NUMBER
Classification number 307.12160954
Edition number 23
245 04 - TITLE STATEMENT
Title The making of vibrant cities :
Remainder of title a collection of essays compiled by Mumbai First.
250 ## - EDITION STATEMENT
Edition statement First impression.
260 ## - PUBLICATION, DISTRIBUTION, ETC. (IMPRINT)
Place of publication, distribution, etc New Delhi:
Name of publisher, distributor, etc Rupa Publications India,
Date of publication, distribution, etc 2016
300 ## - PHYSICAL DESCRIPTION
Extent xi, 315 pages :
Other physical details illustrations (black and white), maps (black and white) ;
Dimensions 23 cm
504 ## - BIBLIOGRAPHY, ETC. NOTE
Bibliography, etc Includes bibliographical references.
650 #0 - SUBJECT ADDED ENTRY--TOPICAL TERM
Topical term or geographic name as entry element City planning
Geographic subdivision India.
650 #0 - SUBJECT ADDED ENTRY--TOPICAL TERM
Topical term or geographic name as entry element City planning.
650 #0 - SUBJECT ADDED ENTRY--TOPICAL TERM
Topical term or geographic name as entry element Sustainable urban development
Geographic subdivision India.
650 #0 - SUBJECT ADDED ENTRY--TOPICAL TERM
Topical term or geographic name as entry element Sustainable urban development.
710 2# - ADDED ENTRY--CORPORATE NAME
Corporate name or jurisdiction name as entry element Mumbai First (Organisation),
Relator term issuing body.
942 ## - ADDED ENTRY ELEMENTS (KOHA)
Source of classification or shelving scheme
Holdings
Withdrawn status Lost status Source of classification or shelving scheme Damaged status Koha normalized classification for sorting Not for loan Permanent location Current location Date acquired Source of acquisition Cost, normal purchase price Full call number Barcode Date last seen Cost, replacement price Price effective from Koha item type Shelving location
        307_121609540000000   BMS College of Architecture, Design and Planning BMS College of Architecture, Design and Planning 2023-11-16 10 486.50 307.12160954 AR-PG677 2023-11-16 695.00 2023-11-16 PG Books  
        307_121609540000000   BMS College of Architecture, Design and Planning BMS College of Architecture, Design and Planning 2025-12-02     307.12160954 AR-PG802 2026-02-10   2026-02-10 PG Books General Stacks
Copyright © 2025, The Librarian, Library and Information Centre, BMSCA D&P, Bengaluru. All Rights Reserved
web counter

Powered by Koha